000 00293nam a22001097a 4500
082 _a823
_bBLY/F
100 _aBLYTON, ENID
245 _aFAMOUS FIVE-5 GO TO DEMON'S ROCKS
246 _aFAMOUS FIVE-5 GO TO DEMON'S ROCKS
_bFAMOUS FIVE-5 GO TO DEMON'S ROCKS
650 _aENGLISH STORY
942 _cBK
999 _c8847
_d8847